[Event "MEX-ch"]
[Site "Pachuca"]
[Date "2024.05.19"]
[Round "9"]
[White "Navarrete Villeda, Francisco Noe"]
[Black "Sandoval Mercado, Carlos"]
[Result "0-1"]
[WhiteElo "1772"]
[BlackElo "2378"]
[PlyCount "146"]
[EventDate "2024.05.14"]
[EventType "swiss"]
[EventRounds "9"]
[EventCountry "MEX"]
[SourceTitle "CBM 220 Extra"]
[Source "ChessBase"]
[SourceDate "2024.07.31"]
[SourceVersion "1"]
[SourceVersionDate "2024.07.31"]
[SourceQuality "1"]

1. e4 c5 2. Nf3 Nc6 3. d4 cxd4 4. Nxd4 e5 5. Nb5 d6 6. N1c3 a6 7. Na3 Be6 8. Be2 Rc8 9. 0-0 Nf6 10. Bg5 Nd4 11. Bd3 Be7 12. Bxf6 Bxf6 13. Nd5 Bg5 14. c3 Nc6 15. Kh1 0-0 16. Qe2 Bxd5 17. exd5 Ne7 18. c4 f5 19. f3 g6 20. Rad1 Kg7 21. Nc2 Ng8 22. Ne3 Nf6 23. Qf2 h5 24. g3 e4 25. f4 exd3 26. fxg5 Ne4 27. Qf4 d2 28. b3 Qa5 29. Nc2 Qc3 30. Ne3 Qd3 31. Rf3 Qe2 32. Rdf1 b5 33. Nd1 bxc4 34. Re3 Qg4 35. bxc4 Rxc4 36. Rxe4 Rxe4 37. Qxd2 Re2 38. Qc3+ Kg8 39. Nf2 Qxg5 40. Qf3 Qd2 41. g4 Re3 42. Qf4 Qxd5+ 43. Kg1 Qe5 44. Qh6 Rf7 45. Qxg6+ Rg7 46. Qxh5 Rg3+ 47. hxg3 Qxg3+ 48. Kh1 Rh7 49. Qxh7+ Kxh7 50. gxf5 Qf3+ 51. Kg1 Qg3+ 52. Kh1 Qh4+ 53. Kg2 Qg5+ 54. Kf3 Qxf5+ 55. Ke3 Qc5+ 56. Kf3 Qa3+ 57. Kf4 Qxa2 58. Rh1+ Kg6 59. Ne4 d5 60. Rg1+ Kh6 61. Rh1+ Kg7 62. Rg1+ Kf8 63. Ng5 Qd2+ 64. Kf3 d4 65. Ne6+ Ke7 66. Nxd4 Qxd4 67. Re1+ Kd6 68. Ke2 Qb2+ 69. Kd3 a5 70. Rd1 a4 71. Kc4+ Kc6 72. Rd3 a3 73. Rd6+ Kxd6 0-1